Chronique d´un Chasseur Dámer : (Registro nro. 884)

000 -CABECERA
campo de control de longitud fija 01254nam a22002777a 4500
005 - FECHA Y HORA DE LA ÚLTIMA TRANSACCIÓN
campo de control 20210414174827.0
008 - DATOS DE LONGITUD FIJA--INFORMACIÓN GENERAL
campo de control de longitud fija 210414s1993 fr |||fr|||| 001 0 fre d
020 ## - NÚMERO INTERNACIONAL ESTÁNDAR DEL LIBRO
ISBN 2940058018
040 ## - FUENTE DE LA CATALOGACIÓN
Centro catalogador/agencia de origen CENDOC CAAAP
Lengua de catalogación spa
Centro/agencia transcriptor CAAAP
041 ## - CÓDIGO DE LENGUA
Código de lengua del texto/banda sonora o título independiente spa
050 ## - SIGNATURA TOPOGRÁFICA DE LA BIBLIOTECA DEL CONGRESO
Número de clasificación FP 118 .J3
Número de documento/Ítem M16
100 1# - ENTRADA PRINCIPAL--NOMBRE DE PERSONA
9 (RLIN) 2144
Nombre personal Magnin, Jean
500 ## - NOTA GENERAL
Nota general Description de la province et des missions de Maynas au Royaume de Quito par le R.P. Magnin
245 ## - MENCIÓN DE TÍTULO
Título Chronique d´un Chasseur Dámer :
Subtitulo un jésuite suisse en Amazonie au XVIII siécle /
Mención de responsabilidad, etc. Jean Magnin ; texto redactado y anotado por Thomas Henkel ; prefacio Louis Necker
250 ## - MENCIÓN DE EDICIÓN
Mención de edición 1ra ed.
260 ## - PUBLICACIÓN, DISTRIBUCIÓN, ETC.
Lugar de publicación, distribución, etc. Grolley, Suiza :
Nombre del editor, distribuidor, etc. Edition de l´Hébe ,
Fecha de publicación, distribución, etc. 1993
300 ## - DESCRIPCIÓN FÍSICA
Extensión 296 p.
505 ## - NOTA DE CONTENIDO CON FORMATO
Nota de contenido con formato Contiene : Préface -- UUn Fribourgeois sur la planeté -- La croix et le fouet -- Commentaires sur p´etablissement du texte -- Atat phisique de la provinceet des missions --Etat moral des missions
610 #0 - PUNTO DE ACCESO ADICIONAL DE MATERIA--NOMBRE DE ENTIDAD CORPORATIVA
9 (RLIN) 230
Nombre de entidad corporativa o nombre de jurisdicción como elemento de entrada Jesuítas
Subdivisión general Misiones
Subdivisión geográfica Río Amazonas
-- Perú
-- Maynas (Provincia)
650 10 - PUNTO DE ACCESO ADICIONAL DE MATERIA--TÉRMINO DE MATERIA
9 (RLIN) 31
Término de materia o nombre geográfico como elemento de entrada Misiones Religiosas
650 20 - PUNTO DE ACCESO ADICIONAL DE MATERIA--TÉRMINO DE MATERIA
9 (RLIN) 64
Término de materia o nombre geográfico como elemento de entrada Evangelización
Subdivisión geográfica Amazonía
650 20 - PUNTO DE ACCESO ADICIONAL DE MATERIA--TÉRMINO DE MATERIA
9 (RLIN) 1820
Término de materia o nombre geográfico como elemento de entrada Cronistas
700 1# - PUNTO DE ACCESO ADICIONAL--NOMBRE DE PERSONA
9 (RLIN) 2148
Nombre de persona Henkel, Thomas
Término indicativo de función/relación redacción y anotaciones
700 1# - PUNTO DE ACCESO ADICIONAL--NOMBRE DE PERSONA
9 (RLIN) 2149
Nombre de persona Necker, Louis
Término indicativo de función/relación prefacio
942 ## - ELEMENTOS PERSONALIZADOS KOHA
Fuente del sistema de clasificación o colocación
Fecha de catalogación 14 - 04 - 21
Tipo de ítem Koha Libros
Existencias
Fuente del sistema de clasificación o colocación Localización permanente Ubicación/localización actual Fecha de adquisición Número de inventario Total de préstamos Signatura LC Fecha visto por última vez Tipo de ítem Koha
  CENTRO DE DOCUMENTACIÓN (CENDOC) CENTRO DE DOCUMENTACIÓN (CENDOC) 04/14/2021 005095   FP 118 .J3 M16 04/14/2021 Libros
Centro de Documentación CAAAP | AV. Manuel González Prada 626, Magdalena del Mar | (51-1) 4615223 Anexo 205 y 209 | cendoc@caaap.org.pe